Re d’Inghilterra - Statistics

Statistiche generali
  • Questo quiz è stato fatto 353 volte
  • Il punteggio medio è 37 su 45
Statistiche sulle risposte
Regno Nome % Corretto
2022– III Carlo
99%
1660–1685 II Carlo
99%
1625–1649 Carlo
99%
1952–2022 II Elisabetta
98%
1558–1603 Elisabetta
98%
1509–1547 VIII Enrico
94%
1485–1509 VII Enrico
94%
1470–1471 VI Enrico
94%
1422–1461 VI Enrico
94%
1413–1422 V Enrico
94%
1399–1413 IV Enrico
94%
1216–1272 III Enrico
94%
1154–1189 II Enrico
94%
1100–1135 Enrico
94%
1837–1901 Vittoria
91%
1936–1952 VI Giorgio
90%
1910–1936 V Giorgio
90%
1820–1830 IV Giorgio
90%
1760–1820 III Giorgio
90%
1727–1760 II Giorgio
90%
1714–1727 Giorgio
90%
1936 VIII Edoardo
87%
1901–1910 VII Edoardo
87%
1547–1553 VI Edoardo
87%
1483 V Edoardo
87%
1472–1483 IV Edoardo
87%
1461–1470 IV Edoardo
87%
1327–1377 III Edoardo
87%
1272–1307 Edoardo
87%
1830–1837 IV Guglielmo
84%
1689–1702 III Guglielmo
84%
1087–1100 II Guglielmo
84%
1066–1087 Guglielmo
84%
1689–1694 II Maria
73%
1553–1558 Maria
73%
1483–1485 III Riccardo
70%
1377–1399 II Riccardo
70%
1189–1199 Riccardo
70%
1199–1216 Giovanni
69%
1685–1688 II Giacomo
67%
1603–1625 Giacomo
67%
1702–1714 Anna
56%
1135–1154 Stefano
33%
1649–1660 Commonwealth
18%
1307–1327 II Edorardo
6%
Nessun quiz corrispondente trovato
Distribuzione punteggi
Percentuale di utenti per punteggio
Percentile per numero di risposta
I tuoi punteggi nel tempo
Non hai fatto questo quiz